Komunikačné aspekty marketingu médií
Médiá a mediálny priemysel ako špecifický podnikateľský priestor. Marketing a médiá. Médiá a publikum. Komunikačné aspekty marketingu regionálneho média. Poznatky zo situačnej analýzy regionálnej televízie, ktorá pôsobí v oblasti Považia.
Salvato in:
| Autore principale: | |
|---|---|
| Natura: | Capitolo di libro |
| Lingua: | slovacco |
| Soggetti: | |
| Tags: |
Nessun Tag, puoi essere il primo ad aggiungerne!!
|
MARC
| LEADER | 00000nla$a2200000$$$4500 | ||
|---|---|---|---|
| 001 | 0104990 | ||
| 005 | 20240502072144.4 | ||
| 041 | 0 | |a slo | |
| 044 | |a SK | ||
| 245 | 1 | 0 | |a Komunikačné aspekty marketingu médií |c Helena Labská |
| 520 | |a Médiá a mediálny priemysel ako špecifický podnikateľský priestor. Marketing a médiá. Médiá a publikum. Komunikačné aspekty marketingu regionálneho média. Poznatky zo situačnej analýzy regionálnej televízie, ktorá pôsobí v oblasti Považia. | ||
| 610 | 2 | 0 | |a marketing |
| 610 | 2 | 0 | |a komunikácia marketingová |
| 610 | 2 | 0 | |a médiá |
| 610 | 2 | 0 | |a televízia |
| 610 | 2 | 0 | |a tlač |
| 610 | 2 | 0 | |a rozhlas |
| 610 | 2 | 0 | |a regióny |
| 610 | 2 | 0 | |a prieskum informačný |
| 610 | 2 | 0 | |a analýzy |
| 100 | 1 | |a Labská, Helena | |